India book of the year 2002: (Record no. 29953)
[ view plain ]
| 000 -LEADER | |
|---|---|
| fixed length control field | 00448nam a22001217a 4500 |
| 008 - FIXED-LENGTH DATA ELEMENTS--GENERAL INFORMATION | |
| fixed length control field | 230515b |||||||| |||| 00| 0 eng d |
| 040 ## - CATALOGING SOURCE | |
| Original cataloging agency | National Science Library |
| Transcribing agency | National Science Library |
| 080 ## - UNIVERSAL DECIMAL CLASSIFICATION NUMBER | |
| Universal Decimal Classification number | R 058(540) |
| Item number | P2 |
| 245 ## - TITLE STATEMENT | |
| Title | India book of the year 2002: |
| Statement of responsibility, etc. | / Research Reference and Training Division |
| Remainder of title | Events of December 2000 to November 2001 |
| 260 ## - PUBLICATION, DISTRIBUTION, ETC. | |
| Place of publication, distribution, etc. | New Delhi: |
| Name of publisher, distributor, etc. | Encyclopaedia Britannica, |
| Date of publication, distribution, etc. | 2002 |
| 650 ## - SUBJECT ADDED ENTRY--TOPICAL TERM | |
| Topical term or geographic name entry element | India |
| 942 ## - ADDED ENTRY ELEMENTS (KOHA) | |
| Source of classification or shelving scheme | Universal Decimal Classification |
| Koha item type | Reference |
| Withdrawn status | Lost status | Source of classification or shelving scheme | Damaged status | Not for loan | Home library | Current library | Shelving location | Date acquired | Total Checkouts | Full call number | Barcode | Date last seen | Price effective from | Koha item type |
|---|---|---|---|---|---|---|---|---|---|---|---|---|---|---|
| Universal Decimal Classification | National Science Library | National Science Library | GF/Rk-7/C-5/R-6 | 27/02/2002 | R 058(540) P2 | 180084 | 15/05/2023 | 15/05/2023 | Reference |